000 00669nam a2200205Ia 4500
003 IN-BaIIA
008 211028s9999 xx 000 0 eng d
020 _a0-937707-59-7
040 _cIIA Library
080 _a082.2:52
_bASP-40
245 0 _aInside the stars
_cedited by W. W. Weiss and Baglin, Annie
260 _aSan Francisco
_bAstronomical Society of the Pacific
_c1992
300 _axxvii, 822p.
490 _aASP conference series; v. 40
650 _aAstronomy and astrophysics thesaurus
650 _aStars
700 _aBaglin, Annie, ed.
_918738
700 _aWeiss, W. W., ed.
_918739
942 _cBK
999 _c10965
_d10965